000 00711nam a2200289Ia 4500
005 20260324144811.0
008 008 260324s9999 xx 000 0 eng d
020 _a9780429434600
037 _aEBOOK
040 _aCRL
040 _beng
040 _cCRL
041 _2eng
041 _aeng
084 _qCRL
100 _aThomas C. Hunt; James Carper; Charles R. Kniker
_91220657
245 0 _aReligious Schools in America (1986)
245 2 _bA Selected Bibliography
260 _bTaylor and Francis
260 _c1986
365 _a
365 _b230
856 _uhttp://www.taylorfrancis.com/books/9780429434600
942 _cEBOOK
999 _c1827727
_d1827727